[Event "Bezirksliga Oberbayern 1819"]
[Site "Bayern"]
[Date "2019.04.07"]
[Round "9.5"]
[White "Sperber, Ulrich"]
[Black "Yaroshenko, Yaroslav"]
[Result "1/2-1/2"]
[WhiteElo "1803"]
[BlackElo "1834"]
[PlyCount "100"]
[EventDate "2018.10.21"]
[EventType "team-tourn"]
[EventRounds "9"]
[EventCountry "GER"]
[SourceTitle "EXT 2022"]
[Source "ChessBase"]
[SourceDate "2021.10.06"]
[SourceVersion "1"]
[SourceVersionDate "2021.10.06"]
[SourceQuality "1"]
[WhiteTeam "Gauting"]
[BlackTeam "Graefelfing SK"]
[WhiteTeamCountry "GER"]
[BlackTeamCountry "GER"]

1. e4 g6 2. d4 Bg7 3. f4 d6 4. c3 Nf6 5. e5 dxe5 6. fxe5 Nd5 7. Nf3 0-0 8. Bd3 Nd7 9. 0-0 c5 10. Qe2 cxd4 11. cxd4 N7b6 12. h3 Bd7 13. Nc3 Rc8 14. Bd2 Bc6 15. Rac1 Qd7 16. Ng5 e6 17. Nge4 Nxc3 18. bxc3 Bxe4 19. Bxe4 Nc4 20. Bg5 b5 21. Bf6 Nb6 22. Bxg7 Kxg7 23. Qf3 Nd5 24. Bxd5 exd5 25. Qf6+ Kg8 26. Rf3 Rc6 27. Qf4 Qc7 28. a3 a5 29. Qe3 b4 30. axb4 axb4 31. e6 fxe6 32. Rxf8+ Kxf8 33. Rf1+ Kg7 34. cxb4 Qd6 35. Qg5 Rc7 36. Qf6+ Kg8 37. b5 Qe7 38. Qe5 Rb7 39. Rc1 Qd7 40. Rc6 Kf7 41. Rd6 Qe7 42. Qh8 Qxd6 43. Qxh7+ Kf6 44. Qxb7 Qf4 45. Qc6 Qe3+ 46. Kh1 Qxd4 47. b6 Qa1+ 48. Kh2 Qe5+ 49. Kg1 Qe1+ 50. Kh2 Qe5+ 1/2-1/2

[Event "Bezirksliga Oberbayern 1819"]
[Site "Bayern"]
[Date "2018.12.16"]
[Round "4.7"]
[White "Jonas, Zsolt"]
[Black "Sperber, Ulrich"]
[Result "1-0"]
[WhiteElo "2074"]
[BlackElo "1803"]
[PlyCount "77"]
[EventDate "2018.10.21"]
[EventType "team-tourn"]
[EventRounds "9"]
[EventCountry "GER"]
[SourceTitle "EXT 2022"]
[Source "ChessBase"]
[SourceDate "2021.10.06"]
[SourceVersion "1"]
[SourceVersionDate "2021.10.06"]
[SourceQuality "1"]
[WhiteTeam "Moosburg SC"]
[BlackTeam "Gauting"]
[WhiteTeamCountry "GER"]
[BlackTeamCountry "GER"]

1. e4 c6 2. d4 d5 3. e5 Bf5 4. Ne2 e6 5. Ng3 Bg6 6. f4 Ne7 7. Bd3 Bxd3 8. Qxd3 g6 9. b3 Qb6 10. Ba3 Qa6 11. Qxa6 Nxa6 12. 0-0 h5 13. h4 b5 14. b4 Nc8 15. c3 Be7 16. Nd2 Bxh4 17. Ne2 Kd7 18. Bb2 Nb6 19. Nc1 Be7 20. Nd3 Na4 21. Kh2 Rag8 22. Rf2 Nc7 23. Nb3 g5 24. fxg5 Ke8 25. Na5 Bxg5 26. Nxc6 a6 27. Raf1 Rh7 28. Na5 Rgg7 29. Nb7 Be7 30. Ndc5 Nxc5 31. bxc5 Kf8 32. Nd6 Bxd6 33. exd6 Na8 34. Ba3 Ke8 35. c6 Nb6 36. Bc5 Na4 37. Bb4 Nb6 38. Ba5 Na8 39. d7+ 1-0

[Event "Sao Martinho do Porto op 1st"]
[Site "Sao Martinho do Porto"]
[Date "2018.09.21"]
[Round "9"]
[White "Sperber, Ulrich"]
[Black "Amato, Giampiero"]
[Result "1-0"]
[WhiteElo "1838"]
[BlackElo "2031"]
[PlyCount "103"]
[EventDate "2018.09.15"]
[EventType "swiss"]
[EventRounds "9"]
[EventCountry "POR"]
[SourceTitle "CBM 186 Extra"]
[Source "ChessBase"]
[SourceDate "2018.08.24"]
[SourceVersion "1"]
[SourceVersionDate "2018.08.24"]
[SourceQuality "1"]

1. e4 e5 2. f4 exf4 3. Nf3 d5 4. exd5 Nf6 5. d4 Nxd5 6. Bc4 Be6 7. Bxd5 Bxd5 8. Bxf4 Nc6 9. c3 Qe7+ 10. Kf2 0-0-0 11. Re1 Qd7 12. Nbd2 f6 13. b4 Qf5 14. Bg3 g5 15. Kg1 h5 16. Qb1 Qd7 17. Ne4 Qf7 18. a4 h4 19. Bf2 Ne7 20. a5 h3 21. g3 Qh5 22. Qd3 Qg6 23. c4 Bxc4 24. Qxc4 Qxe4 25. Rxe4 Nf5 26. b5 Nd6 27. Re6 Nxc4 28. Rxf6 g4 29. Ng5 Be7 30. Rg6 Rhg8 31. Rxg8 Rxg8 32. Ne6 Kd7 33. d5 Bd6 34. Bxa7 Ra8 35. Bc5 Rxa5 36. Rc1 Nd2 37. Bxd6 Kxd6 38. Nxc7 Nf3+ 39. Kf2 Ra2+ 40. Ke3 Ne5 41. Ne8+ Kxd5 42. Rd1+ Ke6 43. Kf4 Rf2+ 44. Kg5 Rf5+ 45. Kh6 Nf3 46. Ng7+ Ke5 47. Nxf5 Kxf5 48. Rh1 Nd4 49. b6 Nf3 50. Kh5 Ne5 51. Rc1 Nd3 52. Rf1+ 1-0

[Event "Sao Martinho do Porto op 1st"]
[Site "Sao Martinho do Porto"]
[Date "2018.09.20"]
[Round "8"]
[White "Pais, Bruno Miguel Dos Sa"]
[Black "Sperber, Ulrich"]
[Result "1/2-1/2"]
[WhiteElo "1817"]
[BlackElo "1838"]
[PlyCount "72"]
[EventDate "2018.09.15"]
[EventType "swiss"]
[EventRounds "9"]
[EventCountry "POR"]
[SourceTitle "CBM 186 Extra"]
[Source "ChessBase"]
[SourceDate "2018.08.24"]
[SourceVersion "1"]
[SourceVersionDate "2018.08.24"]
[SourceQuality "1"]

1. d4 d5 2. c4 c6 3. Nf3 Nf6 4. e3 a6 5. Qc2 e6 6. Nc3 Nbd7 7. cxd5 cxd5 8. Bd3 Bd6 9. Bd2 0-0 10. 0-0 Re8 11. Rac1 Ra7 12. b3 b5 13. a4 b4 14. Ne2 a5 15. Bb5 Ba6 16. Qd3 Bxb5 17. Qxb5 Qb8 18. Qxb8 Bxb8 19. Rc6 Rc7 20. Rxc7 Bxc7 21. Rc1 Bb6 22. Rc6 Ne4 23. Ng3 Nxg3 24. hxg3 f6 25. g4 h6 26. Ne1 Kf7 27. Nd3 Ke7 28. Nf4 Kf7 29. Kf1 g5 30. Nh5 Rb8 31. Be1 Rb7 32. f3 Rc7 33. Rxc7 Bxc7 34. Bg3 Bxg3 35. Nxg3 Kg6 36. Ne2 f5 1/2-1/2

[Event "Sunny Beach op-C 13th"]
[Site "Sunny Beach"]
[Date "2014.09.08"]
[Round "3"]
[White "Vatev, Ventzislav"]
[Black "Sperber, Ulrich"]
[Result "1-0"]
[WhiteElo "1916"]
[BlackElo "1823"]
[PlyCount "49"]
[EventDate "2014.09.06"]
[EventType "swiss"]
[EventRounds "9"]
[EventCountry "BUL"]
[SourceTitle "CBM 162 Extra"]
[Source "ChessBase"]
[SourceDate "2014.10.17"]
[SourceVersion "1"]
[SourceVersionDate "2014.10.17"]
[SourceQuality "1"]

1. Nf3 d5 2. g3 Nf6 3. Bg2 Bf5 4. d3 Nbd7 5. 0-0 h6 6. Nbd2 c6 7. c4 e6 8. Re1 Be7 9. e4 dxe4 10. dxe4 Bg4 11. h3 Bh5 12. e5 Nh7 13. Qc2 Bg6 14. Qc3 Ng5 15. Nh4 Nf8 16. Nxg6 Nxg6 17. f4 Qb6+ 18. Kh2 Nh7 19. Ne4 Bb4 20. Nd6+ Ke7 21. Qe3 Bxe1 22. Qxe1 Rhd8 23. Be3 Qc7 24. Bc5 Qb8 25. Nxb7+ 1-0